Statistics for Top 10 Best Dating Apps of 2023

Click here to take the quiz!

General Stats

  • This quiz has been taken 42 times
  • The average score is 3 of 10

Answer Stats

HintAnswer% Correct
#2Tinder
100%
#1Bumble
81%
#4Hinge
62%
#7Plenty of Fish
31%
#6Happn
19%
#3Coffee Meets Bagel
12%
#5Facebook Dating
12%
#8BLK
7%
#10Clover
7%
#9Feels
7%

Score Distribution

Percentile by Number Answered

Percent of People with Each Score

Your Score History

You have not taken this quiz